[Event "Winnipeg TNT May op"]
[Site "Winnipeg CAN"]
[Date "2011.05.31"]
[Round "5"]
[White "Baron, Cody"]
[Black "Trueman, Francis"]
[Result "0-1"]
[WhiteElo "1469"]
[BlackElo "1242"]
[PlyCount "120"]
[GameId "2160767909704671"]
[EventDate "2011.05.03"]
[EventType "swiss"]
[EventRounds "5"]
[EventCountry "CAN"]
[SourceTitle "EXT 2022"]
[Source "ChessBase"]
[SourceDate "2021.10.06"]
[SourceVersion "1"]
[SourceVersionDate "2021.10.06"]
[SourceQuality "1"]

1. e4 d6 2. Nc3 Nf6 3. d4 g6 4. Nf3 Bg7 5. Bd3 O-O 6. Be3 Nbd7 7. Qe2 e5 8. O-O-O Ng4 9. Bd2 exd4 10. Nb5 a6 11. Nbxd4 Nc5 12. h3 Nxd3+ 13. cxd3 Ne5 14. Nxe5 dxe5 15. Bb4 Qxd4 16. Bxf8 Kxf8 17. Qc2 Bd7 18. Kb1 c5 19. Rc1 b6 20. Rhf1 a5 21. Qc3 Qd6 22. Ka1 a4 23. Rfd1 Rc8 24. f3 b5 25. Qa5 Bf6 26. Qa7 Bd8 27. Qb7 Rb8 28. Qa7 Bb6 29. Qa6 Bc8 30. Qxb5 Bd7 31. Qa6 Bc6 32. Rb1 Qd4 33. a3 Qf2 34. b3 c4 35. dxc4 axb3 36. Rb2 Qc5 37. Rxb3 Qf2 38. Kb1 Bb7 39. Qxb6 Bxe4+ 40. fxe4 Rxb6 41. Rxb6 Qxb6+ 42. Ka2 Qf2+ 43. Kb1 Qxg2 44. Rd8+ Kg7 45. c5 Qxe4+ 46. Kb2 Qc4 47. Rc8 e4 48. c6 e3 49. c7 e2 50. Re8 Qxc7 51. Rxe2 f5 52. Rc2 Qf4 53. Kb3 Qf1 54. Rc7+ Kh6 55. Rc3 f4 56. a4 f3 57. a5 f2 58. Kb2 Qb5+ 59. Rb3 Qe2+ 60. Ka3 f1=Q 0-1

[Event "Winnipeg TNT May op"]
[Site "Winnipeg CAN"]
[Date "2011.05.31"]
[Round "5"]
[White "Evans, Brian"]
[Black "Campbell, Gary"]
[Result "0-1"]
[WhiteElo "1556"]
[BlackElo "1729"]
[PlyCount "90"]
[GameId "2160767909704672"]
[EventDate "2011.05.03"]
[EventType "swiss"]
[EventRounds "5"]
[EventCountry "CAN"]
[SourceTitle "EXT 2022"]
[Source "ChessBase"]
[SourceDate "2021.10.06"]
[SourceVersion "1"]
[SourceVersionDate "2021.10.06"]
[SourceQuality "1"]

1. d4 d5 2. c4 e6 3. Nc3 Nf6 4. Bg5 Be7 5. Bxf6 Bxf6 6. Nf3 O-O 7. e3 Nc6 8. cxd5 exd5 9. Qb3 Re8 10. Be2 Ne7 11. O-O c6 12. e4 dxe4 13. Nxe4 Nd5 14. Nxf6+ Qxf6 15. Bc4 Nb6 16. Ne5 Be6 17. Bxe6 Qxe6 18. Qxe6 Rxe6 19. Rfe1 Rae8 20. Nf3 Nd5 21. Rxe6 Rxe6 22. Re1 Rxe1+ 23. Nxe1 f6 24. Nc2 Kf7 25. g3 Ke6 26. Kf1 Kf5 27. f3 Nb6 28. Ne3+ Ke6 29. Ke2 Na4 30. Nd1 f5 31. b3 Nb6 32. Kd3 g5 33. Ne3 h5 34. h3 Nd5 35. a3 Nxe3 36. Kxe3 Kd5 37. f4 g4 38. h4 a5 39. Kd3 c5 40. dxc5 Kxc5 41. Kc3 Kd5 42. Kd3 b6 43. Ke3 a4 44. bxa4 Kc4 45. Kd2 Kb3 0-1

[Event "Winnipeg TNT May op"]
[Site "Winnipeg CAN"]
[Date "2011.05.31"]
[Round "5"]
[White "Kaptsan, Aron"]
[Black "Reimer, Bruce"]
[Result "1-0"]
[WhiteElo "2002"]
[BlackElo "1660"]
[PlyCount "89"]
[GameId "2160767909704673"]
[EventDate "2011.05.03"]
[EventType "swiss"]
[EventRounds "5"]
[EventCountry "CAN"]
[SourceTitle "EXT 2022"]
[Source "ChessBase"]
[SourceDate "2021.10.06"]
[SourceVersion "1"]
[SourceVersionDate "2021.10.06"]
[SourceQuality "1"]

1. d4 Nf6 2. c4 g6 3. Nc3 Bg7 4. e4 d6 5. Nf3 O-O 6. g3 Nbd7 7. Bg2 e5 8. O-O a6 9. b3 Rb8 10. dxe5 Nxe5 11. Nxe5 dxe5 12. Qe2 Qe7 13. Be3 b6 14. Rac1 Bb7 15. Nd5 Bxd5 16. cxd5 Ne8 17. Qxa6 Nd6 18. Qe2 Nb7 19. Rc2 Rfc8 20. Rfc1 Qd7 21. h4 Bf8 22. Kh2 Ba3 23. Rd1 Nc5 24. Bh3 f5 25. exf5 gxf5 26. Bxc5 Bxc5 27. Qxe5 Rf8 28. Qe6+ Qxe6 29. dxe6 Rbe8 30. Rd5 f4 31. Rg5+ Kh8 32. Bf5 fxg3+ 33. fxg3 Bd6 34. Kg2 Rg8 35. Rxg8+ Rxg8 36. g4 Rf8 37. h5 Kg7 38. Kf3 h6 39. Ke4 Kf6 40. Kd5 Kg5 41. Kc6 Rxf5 42. gxf5 Kxf5 43. Kd7 Kf6 44. Rf2+ Kg5 45. e7 1-0

[Event "Winnipeg TNT May op"]
[Site "Winnipeg CAN"]
[Date "2011.05.31"]
[Round "5"]
[White "Le Dorze, Philippe"]
[Black "Milord, Frank"]
[Result "1-0"]
[WhiteElo "1601"]
[BlackElo "1655"]
[PlyCount "37"]
[GameId "2160767909704674"]
[EventDate "2011.05.03"]
[EventType "swiss"]
[EventRounds "5"]
[EventCountry "CAN"]
[SourceTitle "EXT 2022"]
[Source "ChessBase"]
[SourceDate "2021.10.06"]
[SourceVersion "1"]
[SourceVersionDate "2021.10.06"]
[SourceQuality "1"]

1. d4 d5 2. c4 c6 3. Nc3 Nf6 4. Nf3 dxc4 5. a4 Bf5 6. Bg5 Nbd7 7. e3 e6 8. Bxc4 a6 9. O-O b5 10. Bb3 Be7 11. Re1 b4 12. e4 Bg4 13. e5 Ng8 14. Ne4 Bxg5 15. Nexg5 Ne7 16. Nxf7 Bxf3 17. Nd6+ Kf8 18. Qxf3+ Nf5 19. Nxf5 1-0

[Event "Winnipeg TNT May op"]
[Site "Winnipeg CAN"]
[Date "2011.05.31"]
[Round "5"]
[White "Mundwiler, Les"]
[Black "Moncal, Nilo"]
[Result "0-1"]
[WhiteElo "2071"]
[BlackElo "2056"]
[PlyCount "94"]
[GameId "2160767909704675"]
[EventDate "2011.05.03"]
[EventType "swiss"]
[EventRounds "5"]
[EventCountry "CAN"]
[SourceTitle "EXT 2022"]
[Source "ChessBase"]
[SourceDate "2021.10.06"]
[SourceVersion "1"]
[SourceVersionDate "2021.10.06"]
[SourceQuality "1"]

1. e4 e6 2. d4 d5 3. Nc3 Nf6 4. Bg5 Be7 5. e5 Nfd7 6. Bxe7 Qxe7 7. f4 a6 8. Nf3 c5 9. dxc5 Qxc5 10. Qd4 Nc6 11. Qxc5 Nxc5 12. O-O-O b5 13. Nd4 Bb7 14. Nxc6 Bxc6 15. Rd4 Ke7 16. a3 Rac8 17. b4 Nd7 18. Bd3 Nb6 19. Re1 Bb7 20. Nd1 Rc7 21. h4 Rhc8 22. h5 Nc4 23. Bxc4 Rxc4 24. Rxc4 Rxc4 25. g3 d4 26. Re2 Bf3 27. Rd2 Bxh5 28. Nb2 Rc3 29. Rd3 Be2 30. Rd2 Bf1 31. Rd1 Rxa3 32. Rxd4 Rxg3 33. Rd6 Rf3 34. Rd4 h5 35. Kd2 Rf2+ 36. Kc1 h4 37. Nd1 Rf3 38. f5 h3 39. f6+ gxf6 40. exf6+ Kxf6 41. Rh4 Be2 42. Nb2 Kg5 43. Rh8 Kg4 44. Kd2 Bc4 45. Nd1 f5 46. Rg8+ Kf4 47. Rh8 e5 0-1

[Event "Winnipeg TNT May op"]
[Site "Winnipeg CAN"]
[Date "2011.05.31"]
[Round "5"]
[White "Rutter, Blair"]
[Black "Czypinski, Jaroslaw"]
[Result "1-0"]
[WhiteElo "1868"]
[BlackElo "1943"]
[PlyCount "100"]
[GameId "2160767909704676"]
[EventDate "2011.05.03"]
[EventType "swiss"]
[EventRounds "5"]
[EventCountry "CAN"]
[SourceTitle "EXT 2022"]
[Source "ChessBase"]
[SourceDate "2021.10.06"]
[SourceVersion "1"]
[SourceVersionDate "2021.10.06"]
[SourceQuality "1"]

1. c4 Nf6 2. g3 c5 3. Bg2 Nc6 4. Nc3 e6 5. e4 e5 6. d3 d6 7. Nge2 Be7 8. O-O h5 9. h4 Nd4 10. Nxd4 cxd4 11. Nd5 Nxd5 12. cxd5 g5 13. hxg5 Bxg5 14. f4 Bf6 15. f5 Bg5 16. Bf3 h4 17. g4 Bd7 18. Bd2 Rc8 19. Rc1 Bxd2 20. Qxd2 f6 21. Rxc8 Qxc8 22. Rc1 Qb8 23. Kh2 Qd8 24. Qb4 Qb8 25. Kh3 Ke7 26. Qd2 Qg8 27. Rc7 Qg5 28. Qc1 Qxc1 29. Rxc1 Kd8 30. Rg1 Bb5 31. Be2 Ke7 32. g5 fxg5 33. Rxg5 Ba6 34. Rg7+ Kf6 35. Rg6+ Ke7 36. Re6+ Kd7 37. Rg6 Ke7 38. a4 Rh7 39. b4 b6 40. b5 Bb7 41. Bg4 a6 42. Re6+ Kd7 43. f6 Kd8 44. Rxd6+ Ke8 45. Rxb6 axb5 46. axb5 Kd8 47. Rd6+ Ke8 48. Be6 Rh8 49. f7+ Ke7 50. Rd7+ Kf6 1-0

[Event "Winnipeg TNT May op"]
[Site "Winnipeg CAN"]
[Date "2011.05.31"]
[Round "5"]
[White "Schulz, Waldemar"]
[Black "Li, Kevin"]
[Result "0-1"]
[WhiteElo "2044"]
[BlackElo "2239"]
[PlyCount "68"]
[GameId "2160767909704677"]
[EventDate "2011.05.03"]
[EventType "swiss"]
[EventRounds "5"]
[EventCountry "CAN"]
[SourceTitle "EXT 2022"]
[Source "ChessBase"]
[SourceDate "2021.10.06"]
[SourceVersion "1"]
[SourceVersionDate "2021.10.06"]
[SourceQuality "1"]

1. Nf3 c5 2. c4 Nc6 3. g3 g6 4. Bg2 Bg7 5. O-O Nf6 6. Nc3 O-O 7. d4 cxd4 8. Nxd4 Ng4 9. e3 Nge5 10. b3 d6 11. Bb2 Bg4 12. Nxc6 bxc6 13. Qc2 Qb6 14. Na4 Qc7 15. Bc3 Be6 16. Nb2 Rfd8 17. Nd3 d5 18. Nxe5 Bxe5 19. Bxe5 Qxe5 20. c5 Bf5 21. Qd2 a5 22. Rfd1 a4 23. b4 a3 24. Bf1 Qb2 25. Qd4 Ra4 26. Qf4 e5 27. Qg5 Rc8 28. b5 cxb5 29. Qe7 d4 30. Qxe5 dxe3 31. Qxe3 Bc2 32. Rdc1 Re4 33. Qh6 Rxc5 34. Bh3 Re8 0-1

[Event "Winnipeg TNT October"]
[Site "Winnipeg CAN"]
[Date "2011.10.04"]
[Round "1"]
[White "Boron, Anthony"]
[Black "Wolchock, Theo"]
[Result "1-0"]
[WhiteElo "2023"]
[BlackElo "1650"]
[PlyCount "51"]
[GameId "2160767909648185"]
[EventDate "2011.10.04"]
[EventType "swiss"]
[EventRounds "4"]
[EventCountry "CAN"]
[SourceTitle "EXT 2023"]
[Source "ChessBase"]
[SourceDate "2022.10.05"]
[SourceVersion "1"]
[SourceVersionDate "2022.10.05"]
[SourceQuality "1"]

1. d4 e6 2. e4 d5 3. exd5 exd5 4. c4 Nf6 5. Nc3 Bb4 6. Bd3 O-O 7. Nge2 Re8 8. O-O Bg4 9. Be3 c6 10. Qb3 Ba5 11. Nf4 Bxc3 12. bxc3 Qd7 13. h3 Be6 14. Nxe6 fxe6 15. Rab1 b6 16. Bf4 Rf8 17. Be5 Qe7 18. Qc2 Nbd7 19. Bh2 c5 20. Rbe1 Rae8 21. cxd5 Nxd5 22. Bxh7+ Kh8 23. Bg6 Rc8 24. Qe2 Nxc3 25. Qh5+ Kg8 26. Qh7# 1-0

[Event "Winnipeg TNT October"]
[Site "Winnipeg CAN"]
[Date "2011.10.04"]
[Round "1"]
[White "De los Santos, Christopher"]
[Black "Crawford, Gary"]
[Result "1-0"]
[WhiteElo "1933"]
[BlackElo "1444"]
[PlyCount "49"]
[GameId "2160767909648186"]
[EventDate "2011.10.04"]
[EventType "swiss"]
[EventRounds "4"]
[EventCountry "CAN"]
[SourceTitle "EXT 2023"]
[Source "ChessBase"]
[SourceDate "2022.10.05"]
[SourceVersion "1"]
[SourceVersionDate "2022.10.05"]
[SourceQuality "1"]

1. d4 Nf6 2. c4 e6 3. Nf3 d5 4. Nc3 Be7 5. Bg5 h6 6. Bh4 O-O 7. e3 Nbd7 8. Rc1 b6 9. Be2 Bb7 10. O-O c5 11. cxd5 Nxd5 12. Bg3 N7f6 13. Ne5 Nxc3 14. bxc3 Qd5 15. Bf3 Qxa2 16. Bxb7 Rad8 17. Bf3 Qa3 18. Nc6 Rd7 19. Nxe7+ Rxe7 20. Bd6 Rd7 21. Bxf8 Kxf8 22. Qe2 cxd4 23. cxd4 a5 24. Qb5 Qd6 25. Rc6 1-0

[Event "Winnipeg TNT October"]
[Site "Winnipeg CAN"]
[Date "2011.10.04"]
[Round "1"]
[White "Einarsson, Ken"]
[Black "Mundwiler, Les"]
[Result "0-1"]
[WhiteElo "1765"]
[BlackElo "2091"]
[PlyCount "58"]
[GameId "2160767909648187"]
[EventDate "2011.10.04"]
[EventType "swiss"]
[EventRounds "4"]
[EventCountry "CAN"]
[SourceTitle "EXT 2023"]
[Source "ChessBase"]
[SourceDate "2022.10.05"]
[SourceVersion "1"]
[SourceVersionDate "2022.10.05"]
[SourceQuality "1"]

1. d4 d5 2. c4 e6 3. Nc3 c5 4. cxd5 exd5 5. dxc5 d4 6. Ne4 Nc6 7. Nf3 Bf5 8. Ng3 Bg6 9. e4 Bxc5 10. Bd3 Nge7 11. O-O O-O 12. Re1 Qb6 13. a3 a5 14. Ne2 f5 15. Nf4 fxe4 16. Nxg6 exf3 17. Nxf8 Rxf8 18. Bc4+ Kh8 19. Qd3 Ng6 20. Qb3 Qc7 21. g3 Nce5 22. Bd5 b6 23. Bd2 a4 24. Qxa4 Qc8 25. Qb5 d3 26. Be6 Qxe6 27. Qxd3 Bxf2+ 28. Kh1 Bxe1 29. Rxe1 Qc6 0-1

[Event "Winnipeg TNT October"]
[Site "Winnipeg CAN"]
[Date "2011.10.04"]
[Round "1"]
[White "Li, Kevin"]
[Black "De Groot, Steven"]
[Result "1-0"]
[WhiteElo "2159"]
[BlackElo "1801"]
[PlyCount "103"]
[GameId "2160767909648189"]
[EventDate "2011.10.04"]
[EventType "swiss"]
[EventRounds "4"]
[EventCountry "CAN"]
[SourceTitle "EXT 2023"]
[Source "ChessBase"]
[SourceDate "2022.10.05"]
[SourceVersion "1"]
[SourceVersionDate "2022.10.05"]
[SourceQuality "1"]

1. e4 c5 2. Nf3 d6 3. d4 cxd4 4. Qxd4 a6 5. Bc4 Nc6 6. Qd1 Nf6 7. Nc3 Bg4 8. Bg5 e6 9. Be2 Be7 10. Qd2 Qc7 11. Be3 O-O 12. Nd4 Bxe2 13. Qxe2 b5 14. Nxc6 Qxc6 15. Bg5 Ra7 16. a3 Rb8 17. O-O b4 18. axb4 Rxb4 19. Ra2 Nxe4 20. Bxe7 Nxc3 21. bxc3 Re4 22. Qd3 Rxe7 23. Rxa6 Qb7 24. Rxd6 g6 25. Rd4 Re5 26. Rd8+ Kg7 27. Qd4 f6 28. Rd1 Rd5 29. Rxd5 Qxd5 30. Qxd5 exd5 31. Kf1 Rc7 32. Rxd5 Rxc3 33. Rd2 h5 34. Ke1 g5 35. Rd7+ Kg6 36. Kd2 Rc6 37. Kd3 Kf5 38. c4 Ke6 39. Ra7 Rd6+ 40. Kc3 Rd1 41. f3 Rc1+ 42. Kd3 g4 43. Ra6+ Kf7 44. Ra2 Rh1 45. fxg4 Rxh2 46. gxh5 Rxh5 47. Re2 Rh1 48. Kd4 Rd1+ 49. Kc5 Rc1 50. Kd5 Ra1 51. c5 Ra5 52. Kc6 1-0

[Event "Winnipeg TNT October"]
[Site "Winnipeg CAN"]
[Date "2011.10.04"]
[Round "1"]
[White "Reimer, Bruce"]
[Black "Kaptsan, Aron"]
[Result "0-1"]
[WhiteElo "1635"]
[BlackElo "2009"]
[PlyCount "60"]
[GameId "2160767909648190"]
[EventDate "2011.10.04"]
[EventType "swiss"]
[EventRounds "4"]
[EventCountry "CAN"]
[SourceTitle "EXT 2023"]
[Source "ChessBase"]
[SourceDate "2022.10.05"]
[SourceVersion "1"]
[SourceVersionDate "2022.10.05"]
[SourceQuality "1"]

1. c4 Nf6 2. g3 g6 3. Bg2 Bg7 4. Nc3 O-O 5. e4 e5 6. Nge2 d6 7. O-O a5 8. h3 Na6 9. d3 c6 10. Be3 Be6 11. a3 Nc5 12. b4 axb4 13. axb4 Na6 14. Qc2 Nxb4 15. Qb1 Rxa1 16. Qxb4 Rxf1+ 17. Bxf1 Qd7 18. Kh2 Ra8 19. Nc1 d5 20. Bc5 Bf8 21. Bxf8 Rxf8 22. Nb3 Rb8 23. Nc5 Qe7 24. Qb6 dxc4 25. dxc4 Nd7 26. Nxd7 Qxd7 27. Qa7 Rf8 28. Qb6 f5 29. Qc5 Qd4 30. Qa5 Qxf2+ 0-1

[Event "Winnipeg TNT October"]
[Site "Winnipeg CAN"]
[Date "2011.10.04"]
[Round "1"]
[White "Rutter, Blair"]
[Black "Iomdina, Alexander"]
[Result "1-0"]
[WhiteElo "1871"]
[BlackElo "1395"]
[PlyCount "75"]
[GameId "2160767909648191"]
[EventDate "2011.10.04"]
[EventType "swiss"]
[EventRounds "4"]
[EventCountry "CAN"]
[SourceTitle "EXT 2023"]
[Source "ChessBase"]
[SourceDate "2022.10.05"]
[SourceVersion "1"]
[SourceVersionDate "2022.10.05"]
[SourceQuality "1"]

1. f4 f5 2. Nf3 Nf6 3. b3 e6 4. Bb2 Bb4 5. c4 Nc6 6. Nc3 b6 7. e3 Bb7 8. Qc2 Qe7 9. Nb5 O-O-O 10. a3 Bd6 11. d4 a6 12. Nxd6+ Qxd6 13. O-O-O Qe7 14. Bd3 Ng4 15. Rhe1 d6 16. d5 exd5 17. Bxf5+ Kb8 18. Bxg4 dxc4 19. Qxc4 d5 20. Qc2 g6 21. Bxh8 Rxh8 22. Qb2 Rd8 23. Kb1 Qe4+ 24. Ka2 h5 25. Ng5 Qe7 26. Bf3 Na7 27. e4 d4 28. Rxd4 Rf8 29. g3 c5 30. Rd2 Rc8 31. Red1 a5 32. Rd7 Qf8 33. Qe5+ Ka8 34. Ne6 Qg8 35. Nc7+ Kb8 36. Na6+ Ka8 37. Qb8+ Rxb8 38. Nc7# 1-0

[Event "Winnipeg TNT October"]
[Site "Winnipeg CAN"]
[Date "2011.10.11"]
[Round "2"]
[White "Bince, Rolando"]
[Black "Leaden, Bruce"]
[Result "1-0"]
[WhiteElo "2111"]
[BlackElo "1463"]
[PlyCount "63"]
[GameId "2160767909648192"]
[EventDate "2011.10.04"]
[EventType "swiss"]
[EventRounds "4"]
[EventCountry "CAN"]
[SourceTitle "EXT 2023"]
[Source "ChessBase"]
[SourceDate "2022.10.05"]
[SourceVersion "1"]
[SourceVersionDate "2022.10.05"]
[SourceQuality "1"]

1. c3 Nf6 2. g3 d5 3. Bg2 e5 4. Nf3 Bd6 5. d4 e4 6. Nfd2 O-O 7. c4 c6 8. c5 Be7 9. a4 b6 10. b4 bxc5 11. bxc5 a5 12. Nb3 Na6 13. Bd2 Nb4 14. Bxb4 axb4 15. a5 Ba6 16. O-O Qc7 17. Qd2 Rfb8 18. Qd1 Bd8 19. N1d2 Qe7 20. Re1 Bc8 21. e3 Rb5 22. Bf1 Rbb8 23. Ra4 Ba6 24. Bxa6 Rxa6 25. Qe2 Qa7 26. Rea1 Rb5 27. Kg2 Bxa5 28. h3 g6 29. Nf1 Kg7 30. Qa2 Qc7 31. Nfd2 Nd7 32. Nxa5 1-0

[Event "Winnipeg TNT October"]
[Site "Winnipeg CAN"]
[Date "2011.10.11"]
[Round "2"]
[White "De Groot, Steven"]
[Black "Crawford, Gary"]
[Result "1-0"]
[WhiteElo "1801"]
[BlackElo "1444"]
[PlyCount "89"]
[GameId "2160767909648193"]
[EventDate "2011.10.04"]
[EventType "swiss"]
[EventRounds "4"]
[EventCountry "CAN"]
[SourceTitle "EXT 2023"]
[Source "ChessBase"]
[SourceDate "2022.10.05"]
[SourceVersion "1"]
[SourceVersionDate "2022.10.05"]
[SourceQuality "1"]

1. c4 Nf6 2. Nc3 c5 3. g3 e6 4. e4 b6 5. Bg2 Bb7 6. Nge2 Qc7 7. O-O Nc6 8. d3 Rd8 9. a3 Nd4 10. Nxd4 cxd4 11. Nb5 Qb8 12. Nxd4 Be7 13. h3 O-O 14. Be3 d5 15. exd5 exd5 16. Nf5 Qe5 17. Nxe7+ Qxe7 18. Bg5 h6 19. Re1 Qd6 20. Bf4 Qd7 21. Qf3 Rfe8 22. Bxh6 Rb8 23. Bg5 dxc4 24. Rxe8+ Nxe8 25. Qe3 Bxg2 26. Kxg2 Qd5+ 27. Kg1 cxd3 28. Rd1 f6 29. Bf4 Rd8 30. h4 Qd4 31. Qxd4 Rxd4 32. f3 Nd6 33. Bxd6 Rxd6 34. Rd2 Rc6 35. Kf2 Rc2 36. Ke3 Kf7 37. Rxc2 dxc2 38. Kd2 c1=Q+ 39. Kxc1 Ke6 40. Kd2 Kd5 41. Kd3 a6 42. b3 a5 43. g4 f5 44. g5 Ke5 45. h5 1-0

[Event "Winnipeg TNT October"]
[Site "Winnipeg CAN"]
[Date "2011.10.11"]
[Round "2"]
[White "De los Santos, Christopher"]
[Black "Li, Kevin"]
[Result "0-1"]
[WhiteElo "1933"]
[BlackElo "2159"]
[PlyCount "52"]
[GameId "2160767909648194"]
[EventDate "2011.10.04"]
[EventType "swiss"]
[EventRounds "4"]
[EventCountry "CAN"]
[SourceTitle "EXT 2023"]
[Source "ChessBase"]
[SourceDate "2022.10.05"]
[SourceVersion "1"]
[SourceVersionDate "2022.10.05"]
[SourceQuality "1"]

1. d4 Nf6 2. Nf3 d6 3. c4 Bg4 4. Qb3 Bxf3 5. Qxf3 c6 6. Nc3 e5 7. dxe5 dxe5 8. Bg5 Nbd7 9. O-O-O Qa5 10. Kb1 Be7 11. Bxf6 Nxf6 12. e3 Bb4 13. Ne4 Nxe4 14. Qxe4 O-O 15. g4 Rad8 16. Bd3 g6 17. Be2 Rxd1+ 18. Rxd1 Rd8 19. Rxd8+ Qxd8 20. Qd3 Qf6 21. f3 Qh4 22. a3 Bf8 23. f4 e4 24. Qd2 Qxh2 25. Kc1 Bc5 26. Qc3 Qxe2 0-1

[Event "Winnipeg TNT October"]
[Site "Winnipeg CAN"]
[Date "2011.10.11"]
[Round "2"]
[White "Iomdina, Alexander"]
[Black "Reimer, Bruce"]
[Result "1/2-1/2"]
[WhiteElo "1395"]
[BlackElo "1635"]
[PlyCount "50"]
[GameId "2160767909648195"]
[EventDate "2011.10.04"]
[EventType "swiss"]
[EventRounds "4"]
[EventCountry "CAN"]
[SourceTitle "EXT 2023"]
[Source "ChessBase"]
[SourceDate "2022.10.05"]
[SourceVersion "1"]
[SourceVersionDate "2022.10.05"]
[SourceQuality "1"]

1. d4 Nf6 2. c4 d6 3. Nc3 g6 4. Bg5 Bg7 5. e3 h6 6. Bh4 O-O 7. Bd3 Nbd7 8. Nge2 e5 9. d5 Nc5 10. O-O Nxd3 11. Qxd3 Qd7 12. a3 Re8 13. f3 c6 14. e4 cxd5 15. cxd5 b6 16. Qb5 Qxb5 17. Nxb5 g5 18. Nc7 gxh4 19. Nxa8 Ba6 20. Nc7 Bxe2 21. Nxe8 Nxe8 22. Rfc1 Ba6 23. Rc3 h5 24. Rac1 Bh6 25. R1c2 Bg5 1/2-1/2

[Event "Winnipeg TNT October"]
[Site "Winnipeg CAN"]
[Date "2011.10.11"]
[Round "2"]
[White "Kaptsan, Aron"]
[Black "Rutter, Blair"]
[Result "0-1"]
[WhiteElo "2009"]
[BlackElo "1871"]
[PlyCount "98"]
[GameId "2160767909648196"]
[EventDate "2011.10.04"]
[EventType "swiss"]
[EventRounds "4"]
[EventCountry "CAN"]
[SourceTitle "EXT 2023"]
[Source "ChessBase"]
[SourceDate "2022.10.05"]
[SourceVersion "1"]
[SourceVersionDate "2022.10.05"]
[SourceQuality "1"]

1. d4 d6 2. c4 Bf5 3. Nc3 Nd7 4. e4 Bg6 5. g3 e5 6. Bg2 Be7 7. Nge2 Ngf6 8. O-O O-O 9. h3 Ne8 10. dxe5 dxe5 11. Be3 a6 12. Qd2 Nc5 13. Rad1 Nf6 14. Qc2 Qe8 15. b4 Ne6 16. c5 c6 17. Qb3 Rd8 18. Rxd8 Qxd8 19. Rd1 Qc7 20. f4 exf4 21. gxf4 Bh5 22. f5 Nd8 23. Bf4 Qc8 24. Bd6 Re8 25. Rd2 Bxe2 26. Rxe2 b5 27. e5 Nh5 28. f6 Bxd6 29. cxd6 Nf4 30. Re4 Qf5 31. fxg7 Rxe5 32. Rxe5 Qxe5 33. Nd1 Qxd6 34. Ne3 Qd4 35. Kh2 Qxg7 36. Qc2 Nxg2 37. Nxg2 Qe5+ 38. Kh1 Qd5 39. Kh2 Ne6 40. Qf2 Qd6+ 41. Kh1 Qd3 42. Kh2 Qd6+ 43. Kh1 Qxb4 44. Qg3+ Kf8 45. Qb8+ Kg7 46. Qe5+ Kg8 47. Ne3 Qf4 48. Qc3 Qf3+ 49. Kh2 Nf4 0-1

[Event "Winnipeg TNT October"]
[Site "Winnipeg CAN"]
[Date "2011.10.11"]
[Round "2"]
[White "Pottinger, Carl"]
[Black "Boron, Anthony"]
[Result "0-1"]
[WhiteElo "1913"]
[BlackElo "2023"]
[PlyCount "150"]
[GameId "2160767909648197"]
[EventDate "2011.10.04"]
[EventType "swiss"]
[EventRounds "4"]
[EventCountry "CAN"]
[SourceTitle "EXT 2023"]
[Source "ChessBase"]
[SourceDate "2022.10.05"]
[SourceVersion "1"]
[SourceVersionDate "2022.10.05"]
[SourceQuality "1"]

1. c4 e6 2. g3 d5 3. Bg2 Nf6 4. Nf3 Be7 5. O-O O-O 6. b3 a5 7. Bb2 c6 8. d3 Qb6 9. Qc2 Nbd7 10. e4 a4 11. e5 axb3 12. axb3 Rxa1 13. Bxa1 Ng4 14. Nbd2 Bc5 15. d4 Be7 16. h3 Nh6 17. c5 Qc7 18. Bc3 f6 19. b4 fxe5 20. dxe5 Nf7 21. Re1 b6 22. Bd4 bxc5 23. bxc5 Ba6 24. Bf1 Bxf1 25. Kxf1 Qa5 26. Rc1 Ng5 27. Kg2 Nxf3 28. Nxf3 Qa3 29. Qc3 Qxc3 30. Rxc3 Ra8 31. Nd2 Ra4 32. Nb3 Kf7 33. f4 g6 34. Bf2 Ra3 35. Rf3 Ra2 36. Kf1 Rc2 37. Na5 Bxc5 38. Bxc5 Rxc5 39. Nb7 Rc1+ 40. Ke2 Nc5 41. Nd8+ Ke8 42. Nxc6 Ne4 43. Nd4 Kd7 44. Rb3 Nc5 45. Ra3 Rc4 46. Ra7+ Kc8 47. Nb5 Kb8 48. Rxh7 Re4+ 49. Kf3 Rb4 50. Na7 Rb3+ 51. Kg4 Ne4 52. Nc6+ Kc8 53. Nd4 Rxg3+ 54. Kh4 g5+ 55. fxg5 Rxg5 56. Nxe6 Rxe5 57. Nf4 d4 58. Rh5 Re7 59. Nd3 Nf6 60. Re5 Rh7+ 61. Kg3 Kd7 62. h4 Kd6 63. Rf5 Rg7+ 64. Kf3 Nd5 65. h5 Re7 66. Rf4 Nxf4 67. Nxf4 Ke5 68. Nd3+ Kf5 69. Nc5 Re3+ 70. Kf2 Rc3 71. Na4 Rh3 72. Nc5 Rxh5 73. Ke2 Ke5 74. Nd3+ Kd6 75. Nf2 Rh2 0-1

[Event "Winnipeg TNT October"]
[Site "Winnipeg CAN"]
[Date "2011.10.18"]
[Round "3"]
[White "De Groot, Steven"]
[Black "Pottinger, Carl"]
[Result "1-0"]
[WhiteElo "1801"]
[BlackElo "1913"]
[PlyCount "67"]
[GameId "2160767909648199"]
[EventDate "2011.10.04"]
[EventType "swiss"]
[EventRounds "4"]
[EventCountry "CAN"]
[SourceTitle "EXT 2023"]
[Source "ChessBase"]
[SourceDate "2022.10.05"]
[SourceVersion "1"]
[SourceVersionDate "2022.10.05"]
[SourceQuality "1"]

1. c4 c5 2. Nc3 g6 3. g3 Bg7 4. Bg2 Nf6 5. e4 d6 6. Nge2 Nc6 7. d3 O-O 8. O-O a6 9. h3 Rb8 10. a4 e5 11. Bd2 Be6 12. f4 Qd7 13. g4 Qe8 14. f5 Bd7 15. Ng3 Nd4 16. Nce2 b5 17. Nxd4 cxd4 18. g5 Nh5 19. Nxh5 gxh5 20. axb5 axb5 21. Bb4 bxc4 22. Bxd6 Rxb2 23. dxc4 Qc8 24. Bxf8 Bxf8 25. Qxh5 Qxc4 26. g6 fxg6 27. fxg6 hxg6 28. Qxg6+ Bg7 29. Ra8+ Bc8 30. Qe8+ Kh7 31. Rxc8 Rxg2+ 32. Kxg2 Qe2+ 33. Rf2 Qxe4+ 34. Kh2 1-0